UBT Library

American History a survey (Record no. 48753)

000 -LEADER
fixed length control field 00270nam a22001217a 4500
008 - FIXED-LENGTH DATA ELEMENTS--GENERAL INFORMATION
fixed length control field 181001b xxu||||| |||| 00| 0 eng d
041 ## - LANGUAGE CODE
Language code of text/sound track or separate title eng
080 ## - UNIVERSAL DECIMAL CLASSIFICATION NUMBER
Edition identifier 9th
Universal Decimal Classification number 940
100 ## - Rafti
Rafti 16
101 ## - Shkurtesa
Shkurtesa HIS
245 ## - TITLE STATEMENT
Title American History a survey
Statement of responsibility, etc Brinkley,A
942 ## - ADDED ENTRY ELEMENTS (KOHA)
Source of classification or shelving scheme
Item type Books
Holdings
Withdrawn status Lost status Source of classification or shelving scheme Damaged status Not for loan Collection code Permanent location Current location Shelving location Date acquired Total Checkouts Full call number Barcode Date last seen Price effective from Koha item type
          Koleksioni i përgjithshem UBT - Lipjan UBT - Lipjan Koleksioni i përgjithshem 10/01/2018   940 BRI 002-3013570 10/01/2018 10/01/2018 Books
UBT Library © 2015-2024. All rights reserved University Education for Business and Technology